000 00851nam0a22002531 4500
001 rc\3031922
005 20250810061418.0
035 _a(NLR Aleph) 007172818
090 _a7363341
_c7363341
100 _a20111002d1945 u y0rusy50 ca
101 1 _arus
_cchm
102 _aRU
105 _ay z |||||
200 1 _aСалам
_eСтихи
_fПер. с марийск. Э.Е. Левонтина
210 _aЙошкар-Ола
_cМаргиз
_d1945
_gтип. Упр. изд-в и полиграфии при СНК МАССР
215 _a43 с.
_d19 см
702 1 _aЛевонтин
_bЭ.Е.
_gЭзра Ефимович
_4340
801 0 _aRU
_bNLR
_gpsbo
801 1 _aRU
_bELAR
_2rusmarc
852 _aNLR
_bЛ
_j40 Г-4/39
942 _cBOOK
945 _aРоссийская национальная библиотека
980 _aNB
980 _aBV